Students guide to income tax and GST problems & solutions (Record no. 396352)

MARC details
000 -LEADER
fixed length control field 00685 a2200229 4500
005 - DATE & TIME
control field 20260401102733.0
008 - FIXED-LENGTH DATA ELEMENTS--GENERAL INFORMATION
fixed length control field 260325b |||||||| |||| 00| 0 eng d
020 ## - ISBN
International Standard Book Number 9789364558310
Price Rs. 1595.00
040 ## - CATALOGING SOURCE
Original cataloging agency VIVEKANANDA LIBRARY
082 ## - DDC NUMBER
Classification number 336.24
Book Number S645(31)
100 ## - MAIN ENTRY--PERSONAL NAME
Personal name Singhania, Vinod K
245 ## - TITLE STATEMENT
Title Students guide to income tax and GST problems & solutions
250 ## - EDITION STATEMENT
Edition statement 31st
260 ## - PUBLICATION, DISTRIBUTION, ETC. (IMPRINT)
Name of publisher, distributor, etc Taxmann Publications
Date of publication, distribution, etc 2025
Place of publication, distribution, etc New Delhi
300 ## - PHYSICAL DESCRIPTION
Pages v.
650 ## - Subject
Subject Taxation- Law and Legislation- India
650 ## - Subject
Subject Income Tax- Law
650 ## - Subject
Subject Good and Services Tax(GST)- Law- India
650 ## - Subject
Subject Taxation- Study and Teaching- India
700 ## - Added Entry Personal Name
Added Entry Personal Name Singhania, Monica
942 ## - ADDED ENTRY ELEMENTS (KOHA)
Koha item type Books
Holdings
Withdrawn status Lost status Source of classification or shelving scheme Damaged status Not for loan Location (home branch) Sublocation or collection (holding branch) Shelving location Date acquired Koha issues (times borrowed) Koha full call number Accession No. Koha date last seen Koha item type
    Dewey Decimal Classification     VIVEKANANDA LIBRARY VIVEKANANDA LIBRARY Law Library 23/02/2026   336.24 S645(31) 378078 23/02/2026 Books
    Dewey Decimal Classification     VIVEKANANDA LIBRARY VIVEKANANDA LIBRARY Law Library 23/02/2026   336.24 S645(31) 378079 23/02/2026 Books
    Dewey Decimal Classification     VIVEKANANDA LIBRARY VIVEKANANDA LIBRARY Law Library 23/02/2026   336.24 S645(31) 378077 23/02/2026 Books
    Dewey Decimal Classification     VIVEKANANDA LIBRARY VIVEKANANDA LIBRARY Law Library 23/02/2026   336.24 S645(31) 378075 23/02/2026 Books
    Dewey Decimal Classification     VIVEKANANDA LIBRARY VIVEKANANDA LIBRARY Law Library 23/02/2026   336.24 S645(31) 378076 23/02/2026 Books
© Designed and Maintained by Vivekananda Library, MDU Rohtak